000 00261nam a2200109 a 4500
008 101210s1950|||| d
245 1 0 _aSvadba pod Tatrami
260 _bTranoscius
_aLiptovský Mikuláš
_c1950
020 _c330
044 _axo
_cSK
041 _aslo
999 _c15086
_d15086